00366nam a22001097a 4500999001900000020001900019100002000038245002700058260007100085942000700156952009300163 c262908d262907 a 9780439287197 a Andreae, Giles a Giraffes cannot dance a New York :b Orchard Books, an imprint of Scholastic Inc.c 2001. cBK 001040708FICa40404b40404cCHILDd2024-02-19l0r2024-02-19 00:00:00w2024-02-19yBK